000 00866nam a2200217Ia 4500
001 330
003 GE_BSU
008 181216s||||||||xx |||||||||||||| ||und||
040 _cGE_BSU
080 _a94(479.22)
100 _aგოგოლაძე,დერმიშა
245 _aქართული სახელმწიფოს წარმოშობის საკითხისათვის
245 _bივ.ჯავახიშვილის სახ. ისტორიისა და ეთნოლოგიის ინ–ტი
260 _aთბილისი
260 _bმერიდიანი
260 _c2003
300 _a123გვ.
541 _h6ლ.
653 _aქართული სახელმწიფოს წარმოშობის საკითხისათვის
942 _cBK
999 _c34569
_d34569